书目信息 |
| 题名: |
地下水利用
|
|
| 作者: | 虎胆·吐马尔白 主编 | |
| 分册: | ||
| 出版信息: | 北京 中国水利水电出版社 2020.6 |
|
| 页数: | 248页 | |
| 开本: | 25cm | |
| 丛书名: | ||
| 单 册: | ||
| 中图分类: | P641.8 | |
| 科图分类: | ||
| 主题词: | 地下水资源--水资源利用--高等学校--教材 , 地下水资源 , 水资源利用 | |
| 电子资源: | ||
| ISBN: | 978-7-5084-5822-9 | |
| 000 | 00952nam0 2200289 45 | |
| 001 | 012001002324 | |
| 005 | 20211013162301.00 | |
| 010 | @a978-7-5084-5822-9@dCNY40.00 | |
| 100 | @a20081111d2008 em y0chiy50 ea | |
| 101 | 0 | @achi |
| 102 | @aCN@b110000 | |
| 105 | @ay z 000yy | |
| 106 | @ar | |
| 200 | 1 | @a地下水利用@Adi xia shui li yong@b专著@f虎胆·吐马尔白主编 |
| 205 | @a4版 | |
| 210 | @a北京@c中国水利水电出版社@d2020.6 | |
| 215 | @a248页@d25cm | |
| 300 | @a高等学校水利学科专业规范核心课程教材·农业水利工程 | |
| 330 | @a本书内容包括:地下水的赋存与运动规律,供水管井的储水量计算,含水层水文地质参数及水文参数的确定,地下水资源的计算和评价等。 | |
| 606 | 0 | @a地下水资源@x水资源利用@x高等学校@j教材 |
| 606 | 0 | @a地下水资源 |
| 606 | 0 | @a水资源利用 |
| 690 | @aP641.8@v4 | |
| 701 | 0 | @c(哈族)@a虎胆·吐马尔白@Ahu dan · tu ma er bai@4主编 |
| 801 | 0 | @aCN@bBJSDL@c20211011 |
| 905 | @b1339288-91@dP641.8@e159=4@f4 | |
| PH | @8L闔 | |
| 地下水利用/虎胆·吐马尔白主编.-4版.-北京:中国水利水电出版社,2020.6 |
| 248页;25cm |
| 高等学校水利学科专业规范核心课程教材·农业水利工程 |
| ISBN 978-7-5084-5822-9:CNY40.00 |
| 本书内容包括:地下水的赋存与运动规律,供水管井的储水量计算,含水层水文地质参数及水文参数的确定,地下水资源的计算和评价等。 |
| ● |
| 相关链接 |
|
|
|
|
正题名:地下水利用
索取号:P641.8/159=4
 
预约/预借
| 序号 | 登录号 | 条形码 | 馆藏地/架位号 | 状态 | 备注 |
| 1 | 1339288 | 213392880 | 第二样本阅览室/ [索取号:P641.8/159=4] | 在馆 | |
| 2 | 1339289 | 213392899 | 第三借阅区/ [索取号:P641.8/159=4] | 在馆 | |
| 3 | 1339290 | 213392906 | 第三借阅区/ [索取号:P641.8/159=4] | 在馆 | |
| 4 | 1339291 | 213392915 | 第三借阅区/ [索取号:P641.8/159=4] | 在馆 |